[Event "AUTO-ADV-1083"]
[Site "http://www.queenalice.com/game.php?id=549250"]
[Date "2009.3.2"]
[Round "2"]
[White "mett"]
[Black "LuizFernandes"]
[Result "0-1"]
[WhiteElo "2106"]
[BlackElo "1880"]

1. e4 d5 2. exd5 Qxd5 3. Nc3 Qa5 4. d4 c6 5. Nf3 Bg4 6. Be2 e6 7. h3 Bh5 8. O-O
Bd6 9. Ne4 Qc7 10. c4 Be7 11. b3 Nf6 12. Ng3 Bxf3 13. Bxf3 Nbd7 14. Re1 O-O 15.
Bb2 Bb4 16. Re2 Bd6 17. Nf1 Rfe8 18. Qd2 Bf4 19. Qc2 e5 20. dxe5 Bxe5 21. Rae1
Bxb2 22. Qxb2 Rxe2 23. Rxe2 Re8 24. Ng3 Rxe2 25. Qxe2 Ne5 26. Bg4 Nexg4 27. hxg4
h6 28. Nf5 Qf4 29. f3 h5 30. g3 Qg5 31. Ne7+ Kh8 32. f4 Qc5+ 33. Kg2 Nxg4 34. f5
Ne3+ 35. Kf3 Qxe7 36. Qxe3 Qxe3+ 37. Kxe3 Kh7 38. b4 Kh6 39. Kf4 g6 40. f6 g5+
41. Kf5 h4 42. gxh4 gxh4 43. Kg4 Kg6 44. Kxh4 Kxf6 45. Kg4 Ke5 46. Kf3 Kd4 0-1

[Event "AUTO-ADV-1083"]
[Site "http://www.queenalice.com/game.php?id=549251"]
[Date "2009.3.2"]
[Round "2"]
[White "LuizFernandes"]
[Black "mett"]
[Result "0-1"]
[WhiteElo "1996"]
[BlackElo "2121"]

1. Nf3 Nf6 2. c4 c5 3. d4 e6 4. Nc3 cxd4 5. Nxd4 Bb4 6. Bd2 O-O 7. e3 Nc6 8.
Nxc6 bxc6 9. Bd3 d5 10. cxd5 cxd5 11. O-O Bd7 12. Ne2 a5 13. Bxb4 axb4 14. Qb3
Qa5 15. Nd4 Ba4 0-1

[Event "AUTO-ADV-1083"]
[Site "http://www.queenalice.com/game.php?id=549254"]
[Date "2009.3.2"]
[Round "2"]
[White "mett"]
[Black "RJGF"]
[Result "1-0"]
[WhiteElo "2083"]
[BlackElo "1923"]

1. e4 e5 2. Nf3 Nc6 3. Bb5 a6 4. Ba4 b5 5. Bb3 Nf6 6. O-O d6 7. Re1 Bg4 8. c3 d5
9. exd5 Nxd5 10. d4 Bxf3 11. Qxf3 Qd6 12. Bxd5 Kd7 13. dxe5 Re8 14. Bxc6+ Qxc6
15. Rd1+ Bd6 16. Qxc6+ Kxc6 17. exd6 cxd6 18. Be3 Re6 19. Na3 Rhe8 20. Kf1 h6
21. Rd4 Re4 22. Rad1 Rxd4 23. Rxd4 g5 24. Nc2 f5 25. g3 a5 26. Ne1 Re7 27. Nd3
Rf7 28. Ke2 f4 29. gxf4 gxf4 30. Nxf4 Rf5 31. h4 h5 32. Ng6 Rf6 33. Ne7+ Kd7 34.
Nd5 Re6 35. Nf4 Re5 36. Rd5 Rxd5 37. Nxd5 Ke6 38. Nc7+ 1-0

[Event "AUTO-ADV-1083"]
[Site "http://www.queenalice.com/game.php?id=549255"]
[Date "2009.3.2"]
[Round "2"]
[White "RJGF"]
[Black "mett"]
[Result "0-1"]
[WhiteElo "1945"]
[BlackElo "2104"]

1. e4 c5 2. Nf3 d6 3. d4 cxd4 4. Nxd4 Nf6 5. Nc3 a6 6. Bc4 e6 7. O-O b5 8. Bb3
Be7 9. f4 Qc7 10. e5 dxe5 11. fxe5 Qxe5 12. Bf4 Qc5 13. Re1 Nc6 14. Be3 Nxd4 15.
Bxd4 Qc7 16. Bxf6 Bxf6 17. Nd5 Qc5+ 18. Ne3 Bxb2 19. Rb1 Bd4 20. Qd3 Bb7 21.
Rbd1 Rd8 22. Kh1 O-O 23. c3 Bxc3 24. Qxd8 Bxe1 25. Ng4 Rxd8 26. Rxd8+ Qf8 27.
Rxf8+ Kxf8 28. Ne5 Ke7 29. Nd3 Bh4 30. a4 Kd6 31. axb5 axb5 32. Nf4 Bf6 33. Nd3
Bc3 34. Kg1 f5 35. Nf4 Bd4+ 36. Kf1 e5 37. Nh5 e4 38. Nf4 b4 39. h3 Ba6+ 40. Ke1
g5 41. Ne2 Be3 42. Bg8 h6 43. Bh7 Ke5 44. Bg8 f4 45. Kd1 Bd3 46. Nc1 Bxc1 47.
Kxc1 Bf1 0-1

[Event "AUTO-ADV-1082"]
[Site "http://www.queenalice.com/game.php?id=549285"]
[Date "2009.3.2"]
[Round "2"]
[White "stonkin"]
[Black "mett"]
[Result "0-1"]
[WhiteElo "2119"]
[BlackElo "2134"]

1. e4 c5 2. Nf3 d6 3. Bb5+ Bd7 4. Bxd7+ Qxd7 5. c4 Nc6 6. O-O g6 7. Nc3 Bg7 8.
h3 Nf6 9. Ng5 h6 10. Nf3 O-O 11. d3 a6 12. Be3 Rab8 13. Qd2 Kh7 14. a4 b6 15. b3
e6 16. d4 Na5 17. Rab1 Rfc8 18. Rfd1 Qb7 19. e5 dxe5 20. dxe5 Ne8 21. Qc2 Nc6
22. Bf4 Rd8 23. Rxd8 Rxd8 0-1

[Event "AUTO-ADV-1082"]
[Site "http://www.queenalice.com/game.php?id=549286"]
[Date "2009.3.2"]
[Round "2"]
[White "mett"]
[Black "stonkin"]
[Result "1-0"]
[WhiteElo "2122"]
[BlackElo "2131"]

1. e4 e5 2. Nf3 d6 3. Bc4 Nc6 4. c3 Na5 5. Bb3 Nxb3 6. Qxb3 Nf6 7. d3 Be7 8. O-O
O-O 9. Re1 b6 10. a4 Be6 11. Qc2 Nd7 12. Nbd2 c6 13. d4 f6 14. b3 Qe8 15. Nf1 c5
16. d5 Bg4 17. Ne3 Bxf3 18. gxf3 Qg6+ 19. Kh1 Qh5 20. Qe2 g6 21. Rg1 Kh8 22. Bd2
f5 23. Rae1 1-0

[Event "AUTO-OPEN-1110"]
[Site "http://www.queenalice.com/game.php?id=575111"]
[Date "2009.4.20"]
[Round "3"]
[White "mett"]
[Black "Gera"]
[Result "1-0"]
[WhiteElo "2093"]
[BlackElo "1991"]

1. e4 Nf6 2. e5 Nd5 3. d4 e6 4. Nf3 Nc6 5. Be2 g6 6. O-O Bg7 7. c4 Nb6 8. Nc3
O-O 9. Bf4 d6 10. Re1 dxe5 11. dxe5 Qe7 12. Qc1 Nd7 13. Bd3 Nd8 14. Bh6 Nc6 15.
Bxg7 Kxg7 16. a3 b6 17. b4 Bb7 18. Qf4 f6 19. exf6+ Nxf6 20. Qh4 Rad8 21. Rad1
Qf7 22. Ng5 Qg8 23. Nxe6+ Kh8 24. Nxd8 Nxd8 25. Re7 Ne6 26. Re1 Bc8 27. Nd5 g5
28. Qh6 1-0

[Event "AUTO-OPEN-1110"]
[Site "http://www.queenalice.com/game.php?id=575112"]
[Date "2009.4.20"]
[Round "3"]
[White "Gera"]
[Black "mett"]
[Result "1-0"]
[WhiteElo "1876"]
[BlackElo "2133"]

1. d4 Nf6 2. c4 e6 3. Nc3 c5 4. d5 exd5 5. cxd5 d6 6. e4 g6 7. Bc4 Bg7 8. Nge2
O-O 9. Qc2 a6 10. a4 b6 11. O-O Re8 12. Bf4 Nh5 13. Bd2 Qh4 14. f3 Nd7 15. Qc1
Ne5 16. Bg5 Qxg5 17. Qxg5 Nxc4 18. b3 Bf6 19. Qc1 Bd7 20. bxc4 1-0

[Event "AUTO-MASTER-1062"]
[Site "http://www.queenalice.com/game.php?id=741045"]
[Date "2010.3.4"]
[Round "1"]
[White "Xeque"]
[Black "mett"]
[Result "0-1"]
[WhiteElo "2108"]
[BlackElo "2159"]

1. Nf3 Nf6 2. g3 d5 3. Bg2 g6 4. O-O Bg7 5. d4 O-O 6. b3 c6 7. Bb2 a5 8. c4 Bf5
9. Nc3 Nbd7 10. Nh4 Be6 11. c5 b6 12. cxb6 Nxb6 13. Rc1 Qd6 14. Na4 Nxa4 15.
bxa4 Rfb8 16. Rb1 g5 17. Nf3 Bf5 18. Qd2 Bxb1 19. Rxb1 Ne4 20. Qe3 Qg6 0-1

[Event "AUTO-MASTER-1062"]
[Site "http://www.queenalice.com/game.php?id=741046"]
[Date "2010.3.4"]
[Round "1"]
[White "mett"]
[Black "Xeque"]
[Result "1-0"]
[WhiteElo "2169"]
[BlackElo "2097"]

1. e4 e5 2. Nf3 Nc6 3. Bb5 Nf6 4. O-O Nxe4 5. d4 Nd6 6. Bxc6 bxc6 7. dxe5 Nb7 8.
Nc3 Be7 9. Nd4 O-O 10. Qf3 f6 11. e6 dxe6 12. Nxc6 Qe8 13. Be3 Bd6 14. Nxa7 Rxa7
15. Bxa7 Nc5 16. Bxc5 Bxc5 17. a4 Bd7 18. a5 Bc6 19. Qg4 f5 20. Qc4 Bxg2 21.
Kxg2 Qc6+ 22. f3 Rf6 23. Na4 Rg6+ 24. Kh1 1-0

[Event "AUTO-MASTER-1062"]
[Site "http://www.queenalice.com/game.php?id=741061"]
[Date "2010.3.4"]
[Round "1"]
[White "killtochess"]
[Black "mett"]
[Result "0-1"]
[WhiteElo "2054"]
[BlackElo "2122"]

1. f4 Nf6 2. Nf3 g6 3. d3 d5 4. g3 Bg7 5. Bg2 O-O 6. O-O c5 7. Qe1 Nc6 8. e4
dxe4 9. dxe4 Nd4 10. Nxd4 Qxd4+ 11. Kh1 Be6 12. Nc3 Rad8 13. h3 Qd7 14. Kh2 b5
15. e5 Nd5 16. Ne4 Qc7 17. c3 c4 18. Ng5 Bf5 19. g4 Bd3 20. e6 f5 21. Rf2 fxg4
22. hxg4 Nxf4 23. Kg1 Nxg2 24. Rxg2 Rf1+ 25. Qxf1 Bxf1 26. Kxf1 Rd1+ 27. Ke2 Qd6
28. Kf2 Qd3 29. Rg1 Qc2+ 0-1

[Event "AUTO-MASTER-1062"]
[Site "http://www.queenalice.com/game.php?id=741062"]
[Date "2010.3.4"]
[Round "1"]
[White "mett"]
[Black "killtochess"]
[Result "1-0"]
[WhiteElo "2111"]
[BlackElo "2068"]

1. e4 c5 2. Nf3 d6 3. Bb5+ Bd7 4. Bxd7+ Qxd7 5. c4 Nc6 6. Nc3 g6 7. d4 cxd4 8.
Nxd4 Bg7 9. Be3 Nf6 10. f3 O-O 11. O-O Rac8 12. b3 a6 13. Qd3 h5 14. Nxc6 Qxc6
15. Rac1 e6 16. Rfd1 Rfd8 17. Na4 b5 18. Nb6 Rb8 19. c5 dxc5 20. Qxd8+ Rxd8 21.
Rxd8+ Kh7 22. Rxc5 Qb7 23. Rcc8 Nxe4 24. Rd7 Bh6 25. Bd4 Bg7 26. Bxg7 Qxb6+ 27.
Bd4 Qa5 28. Rh8# 1-0

[Event "AUTO-MASTER-1062"]
[Site "http://www.queenalice.com/game.php?id=741073"]
[Date "2010.3.4"]
[Round "1"]
[White "mett"]
[Black "mad_knight"]
[Result "1-0"]
[WhiteElo "2132"]
[BlackElo "2212"]

1. e4 e5 2. Nf3 Nc6 3. Bb5 Nf6 4. O-O Nxe4 5. d4 a6 6. Ba4 b5 7. Bb3 d5 8. dxe5
Be6 9. Nbd2 Nc5 10. c3 d4 11. Ng5 Bd5 12. Nxf7 Kxf7 13. Qf3+ Ke6 14. Qg4+ Ke7
15. e6 Bxe6 16. Re1 Qd6 17. Bxe6 Nxe6 18. Ne4 Qd5 19. Nc5 Nd8 20. cxd4 c6 21.
Bf4 1-0

[Event "AUTO-MASTER-1062"]
[Site "http://www.queenalice.com/game.php?id=741074"]
[Date "2010.3.4"]
[Round "1"]
[White "mad_knight"]
[Black "mett"]
[Result "0-1"]
[WhiteElo "2194"]
[BlackElo "2146"]

1. e4 c5 2. Nf3 d6 3. d4 cxd4 4. c3 Nf6 5. Qxd4 a6 6. Qd1 Nc6 7. Bd3 g6 8. O-O
Bg7 9. Bf4 O-O 10. Nbd2 Qc7 11. Nb3 Ne5 12. Nxe5 dxe5 13. Be3 Ng4 14. Bd2 a5 15.
h3 a4 16. hxg4 axb3 17. a3 Rd8 18. Be2 Qc6 19. Bf3 Be6 20. Re1 Bh6 21. Bxh6 Rxd1
22. Raxd1 f6 23. g5 Qc7 24. Rd2 Rd8 25. Rxd8+ Qxd8 26. Rd1 Qc8 27. Kh2 Bg4 28.
Kg3 Bxf3 29. Kxf3 f5 30. Rd5 Qc4 31. Rxe5 Qd3+ 32. Kf4 Qd2+ 33. Kf3 Qxb2 34.
exf5 Qxc3+ 35. Re3 Qxe3+ 0-1

[Event "AUTO-MASTER-1062"]
[Site "http://www.queenalice.com/game.php?id=797356"]
[Date "2010.7.1"]
[Round "2"]
[White "mett"]
[Black "Pumuckel"]
[Result "1/2-1/2"]
[WhiteElo "2206"]
[BlackElo "2465"]

1. e4 c5 2. Nf3 d6 3. d4 cxd4 4. Nxd4 Nf6 5. Nc3 a6 6. f4 e5 7. Nf3 Nbd7 8. a4
Be7 9. Bc4 Qa5 10. Qe2 O-O 11. O-O exf4 12. Bxf4 Ne5 13. Nd5 Nxd5 14. Bxd5 Be6
15. Nxe5 dxe5 16. Bd2 Qc7 17. c4 Rac8 18. Bc3 Bc5+ 19. Kh1 Bxd5 20. cxd5 f6 21.
Qg4 Qe7 22. Rad1 b5 23. axb5 axb5 24. Qh3 Qd6 25. Qd3 Qb6 26. Ra1 Bd6 27. Rfd1
Rfe8 28. g3 Rc4 29. b3 Rcc8 30. Kg2 f5 31. exf5 e4 32. Bd4 exd3 33. Bxb6 Rc2+
34. Kf3 Rc3 35. Bd4 Rxb3 36. Rab1 Rxb1 37. Rxb1 Bb4 38. d6 Bxd6 39. Rd1 b4 40.
Rxd3 Bf8 1/2-1/2

[Event "AUTO-MASTER-1062"]
[Site "http://www.queenalice.com/game.php?id=797357"]
[Date "2010.7.1"]
[Round "2"]
[White "Pumuckel"]
[Black "mett"]
[Result "1-0"]
[WhiteElo "2473"]
[BlackElo "2214"]

1. d4 d5 2. c4 dxc4 3. e3 Nf6 4. Nf3 e6 5. Bxc4 c5 6. O-O a6 7. dxc5 Qxd1 8.
Rxd1 Bxc5 9. Be2 O-O 10. Nc3 Nc6 11. b3 b5 12. Bb2 Bb7 13. Rac1 Be7 14. a4 b4
15. Nb1 Rac8 16. Nbd2 Rfd8 17. Bxf6 Bxf6 18. Nc4 g6 19. Ne1 Be7 20. Bf3 h5 21.
Kf1 Kg7 22. Nd3 Rb8 23. Ke2 Ba8 24. g3 Bb7 25. Rd2 Rbc8 26. Rdc2 Rb8 27. Nd2 Na5
28. Bxb7 Rxb7 29. Rc8 h4 30. Rxd8 Bxd8 31. g4 Be7 32. f4 Rb6 33. Nc4 Nxc4 34.
Rxc4 Rb7 35. g5 h3 36. Rc6 a5 37. Ne5 f6 38. gxf6+ Kxf6 39. Kf3 Bd8 40. Rc8 Bb6
41. Nc4 g5 42. fxg5+ Kxg5 43. Nxb6 Rxb6 44. Rc5+ Kf6 45. Rxa5 Rd6 46. Rb5 Rd2
47. Kg3 1-0